Desarrollo de un modelo de negocio para potenciar la producción y comercialización de artesanía tradicional indígena
Na minha lista:
| Autor principal: | |
|---|---|
| Outros Autores: | |
| Formato: | Livro |
| Idioma: | Spanish |
| Publicado em: |
[San José, Costa Rica]
2012
|
| Assuntos: | |
| Tags: |
Adicionar Tag
Sem tags, seja o primeiro a adicionar uma tag!
|
MARC
| LEADER | 00000nam a22000007a 4500 | ||
|---|---|---|---|
| 003 | 010783 | ||
| 005 | 20240212140144.0 | ||
| 008 | 151102b2012 cr a|||| |||| 00| 0 spa d | ||
| 040 | |c cru CEDI | ||
| 090 | |a TFG 6606 | ||
| 100 | |a Quesada Fonseca, Carolina, 1987- |9 2448 | ||
| 245 | |a Desarrollo de un modelo de negocio para potenciar la producción y comercialización de artesanía tradicional indígena | ||
| 260 | |a [San José, Costa Rica] |c 2012 | ||
| 500 | |a Proyecto de graduación (licenciatura en ingeniería industrial)--Universidad de Costa Rica. Facultad de Ingeniería. Escuela de Ingeniería Industrial | ||
| 501 | |a Director de Proyecto de Graduación: Dr. Zillyham Rojas Jiménez | ||
| 648 | |x ARTE INDIGENA - COSTA RICA |x ARTESANIAS - PRODUCCION |x ARTESANIAS - INDUSTRIA Y COMERCIO |x MERCADEO - TECNICAS |x NUEVAS EMPRESAS |x PLANIFICACION ESTRATEGICA |9 1947 | ||
| 700 | |a Rojas Jiménez, Zillyham, 1952- |d Director del TFG |9 2449 | ||
| 942 | |c TFG |h TFG 6606 |i 010783 |6 TFG_6606_010783000000000 | ||
| 999 | |c 14344 |d 14344 | ||
